TOXICOPROTEOMICS APPROACH AND COMPUTATIONAL MODELING FOR STUDY OF DRACUNCULUS MEDINENSIS (Record no. 218930)

MARC details
000 -LEADER
fixed length control field 00346nam a2200109Ia 4500
008 - FIXED-LENGTH DATA ELEMENTS--GENERAL INFORMATION
fixed length control field 240129s9999 xx 000 0 und d
100 ## - MAIN ENTRY--PERSONAL NAME
Personal name MISHRA, SONU
245 #0 - TITLE STATEMENT
Title TOXICOPROTEOMICS APPROACH AND COMPUTATIONAL MODELING FOR STUDY OF DRACUNCULUS MEDINENSIS
260 ## - PUBLICATION, DISTRIBUTION, ETC.
Name of publisher, distributor, etc. MEWAR UNIVERSITY, CHITTORGARH
Date of publication, distribution, etc. 2021
650 ## - SUBJECT ADDED ENTRY--TOPICAL TERM
Topical term or geographic name entry element Biotechnology
942 ## - ADDED ENTRY ELEMENTS (KOHA)
Koha item type Ph. D Thesis
Holdings
Withdrawn status Lost status Damaged status Not for loan Home library Current library Shelving location Date acquired Total Checkouts Barcode Date last seen Price effective from Koha item type
        Mewar University Central Library Mewar University Central Library Basic Science 30/01/2024   TH0355 30/01/2024 30/01/2024 Ph. D Thesis